000 00780nam a2200241Ia 4500
003 OSt
005 20220923220210.0
006 a|||||r|||| 00| 0
007 ta
008 220922b |||||||| |||| 00| 0 hin d
024 _a184,968
037 _cTextual
040 _aARTS
_cARTS
_bhin
041 _2hin
_ahin
082 _aNT445213, M6
100 _aअग्रवाल, कुँवरजी
245 0 _aकाशी का रंग परिवेश
246 _aKāshī kā ranga parivesha
260 _aवाराणसी
_b विश्वविद्यालय प्रकाशन
_c1986
300 _a130 पृ.
_ccm.
942 _hNT445213, M6
_cTEXL
_2CC
999 _c338225
_d338225